| 000 | 00459nam a22001577a 4500 | ||
|---|---|---|---|
| 999 |
_c41284 _d41284 |
||
| 003 | OSt | ||
| 005 | 20210412152106.0 | ||
| 008 | 210412b ||||| |||| 00| 0 eng d | ||
| 040 | _coclc | ||
| 082 |
_a297 _bKHA/Y |
||
| 100 |
_92282 _aKhan, Maulana Wahiduddin |
||
| 245 |
_aYadharthyanueshanam/ _cVaheehudheen Khan |
||
| 260 |
_aKozhikode: _bIslamic Publishing House |
||
| 300 | _a46 pages | ||
| 942 |
_2ddc _cBK _h297 _iKHA/Y _k297 _mKHA/Y |
||